UBT Library

Ready for takeoff! : (Record no. 40664)

000 -LEADER
fixed length control field 00835cam a2200253 a 4500
001 - CONTROL NUMBER
control field 16340989
005 - DATE AND TIME OF LATEST TRANSACTION
control field 20180122073725.0
008 - FIXED-LENGTH DATA ELEMENTS--GENERAL INFORMATION
fixed length control field 100720s2011 njua b 001 0 eng
010 ## - LIBRARY OF CONGRESS CONTROL NUMBER
LC control number 2010028201
020 ## - INTERNATIONAL STANDARD BOOK NUMBER
International Standard Book Number 9780136081272 (alk. paper)
020 ## - INTERNATIONAL STANDARD BOOK NUMBER
International Standard Book Number 0136081274 (alk. paper)
035 ## - SYSTEM CONTROL NUMBER
System control number (OCoLC)ocn316017507
040 ## - CATALOGING SOURCE
Original cataloging agency DLC
Transcribing agency DLC
Modifying agency YDX
-- BTCTA
-- YDXCP
-- CDX
-- DLC
041 ## - LANGUAGE CODE
Language code of text/sound track or separate title eng
080 ## - UNIVERSAL DECIMAL CLASSIFICATION NUMBER
Universal Decimal Classification number 620.0023 DEA
082 00 - DEWEY DECIMAL CLASSIFICATION NUMBER
Classification number 620.0023 DEA
Edition number 22
100 1# - Rafti
Rafti 27
101 ## - Shkurtesa
Shkurtesa eng
245 10 - TITLE STATEMENT
Title Ready for takeoff! :
Statement of responsibility, etc Dean C. Millar.
504 ## - BIBLIOGRAPHY, ETC. NOTE
Bibliography, etc Includes bibliographical references and index.
906 ## - LOCAL DATA ELEMENT F, LDF (RLIN)
a 7
b cbc
c orignew
d 1
e ecip
f 20
g y-gencatlg
942 ## - ADDED ENTRY ELEMENTS (KOHA)
Source of classification or shelving scheme
Item type Books
Holdings
Withdrawn status Lost status Source of classification or shelving scheme Damaged status Not for loan Collection code Permanent location Current location Shelving location Date acquired Total Checkouts Full call number Barcode Date last seen Price effective from Koha item type
          Koleksioni i përgjithshem UBT - Lipjan UBT - Lipjan Koleksioni i përgjithshem 01/22/2018   620.0023 DEA 002-2996007 01/22/2018 01/22/2018 Books
UBT Library © 2015-2024. All rights reserved University Education for Business and Technology